<?xml version="1.0" encoding="UTF-8"?>
<record
    xmlns:xsi="http://www.w3.org/2001/XMLSchema-instance"
    xsi:schemaLocation="http://www.loc.gov/MARC21/slim http://www.loc.gov/standards/marcxml/schema/MARC21slim.xsd"
    xmlns="http://www.loc.gov/MARC21/slim">

  <leader>03526nam0a22004931  4500</leader>
  <controlfield tag="001">rc\3061579</controlfield>
  <controlfield tag="005">20260406161746.0</controlfield>
  <datafield tag="035" ind1=" " ind2=" ">
    <subfield code="a">(NLR Aleph) 007200239</subfield>
  </datafield>
  <datafield tag="090" ind1=" " ind2=" ">
    <subfield code="a">7624370</subfield>
    <subfield code="c">7624370</subfield>
  </datafield>
  <datafield tag="100" ind1=" " ind2=" ">
    <subfield code="a">20111013d1796    |||y0rusy50      ca</subfield>
  </datafield>
  <datafield tag="101" ind1="0" ind2=" ">
    <subfield code="a">rus</subfield>
    <subfield code="a">fre</subfield>
  </datafield>
  <datafield tag="102" ind1=" " ind2=" ">
    <subfield code="a">RU</subfield>
  </datafield>
  <datafield tag="135" ind1=" " ind2=" ">
    <subfield code="a">crcn 024anaba</subfield>
  </datafield>
  <datafield tag="140" ind1=" " ind2=" ">
    <subfield code="a">y   ga  vkb        yaa0000  </subfield>
  </datafield>
  <datafield tag="200" ind1="1" ind2=" ">
    <subfield code="a">L'art de l'escrime dans toute son etendue;</subfield>
    <subfield code="e">nouveau trait&#xE9; aves toutes les connaiffances qu'il faut pour bien manier l'&#xE9;p&#xE9;e</subfield>
    <subfield code="d">&#x418;&#x441;&#x43A;&#x443;&#x441;&#x441;&#x442;&#x432;&#x43E; &#x444;&#x435;&#x445;&#x442;&#x43E;&#x432;&#x430;&#x442;&#x44C; &#x432;&#x43E; &#x432;&#x441;&#x435;&#x43C; &#x435;&#x433;&#x43E; &#x43F;&#x440;&#x43E;&#x441;&#x442;&#x440;&#x430;&#x43D;&#x441;&#x442;&#x432;&#x435;. &#x41D;&#x43E;&#x432;&#x43E;&#x435; &#x43E;&#x43F;&#x438;&#x441;&#x430;&#x43D;&#x438;&#x435; &#x441;&#x43E; &#x432;&#x441;&#x435;&#x43C;&#x438; &#x43D;&#x443;&#x436;&#x43D;&#x44B;&#x43C;&#x438; &#x43F;&#x43E;&#x437;&#x43D;&#x430;&#x43D;&#x438;&#x44F;&#x43C;&#x438;, &#x43A;&#x430;&#x43A; &#x445;&#x43E;&#x440;&#x43E;&#x448;&#x43E; &#x432;&#x43B;&#x430;&#x434;&#x435;&#x442;&#x44C; &#x448;&#x43F;&#x430;&#x433;&#x43E;&#x44E;.</subfield>
    <subfield code="z">rus</subfield>
    <subfield code="f">[&#x411;. &#x424;&#x438;&#x448;&#x435;&#x440;]</subfield>
  </datafield>
  <datafield tag="210" ind1=" " ind2=" ">
    <subfield code="a">[&#x421;&#x430;&#x43D;&#x43A;&#x442;-&#x41F;&#x435;&#x442;&#x435;&#x440;&#x431;&#x443;&#x440;&#x433;</subfield>
    <subfield code="c">&#x411;. &#x438;.</subfield>
    <subfield code="d">1796]</subfield>
  </datafield>
  <datafield tag="215" ind1=" " ind2=" ">
    <subfield code="a">68 &#x441;., 16 &#x43B;. &#x438;&#x43B;.</subfield>
    <subfield code="c">&#x438;&#x43B;.</subfield>
    <subfield code="d">4&#xB0;</subfield>
  </datafield>
  <datafield tag="300" ind1=" " ind2=" ">
    <subfield code="a">&#x422;&#x435;&#x43A;&#x441;&#x442; &#x43F;&#x430;&#x440;&#x430;&#x43B;. &#x43D;&#x430; &#x440;&#x443;&#x441;. &#x438; &#x444;&#x440;. &#x44F;&#x437;.</subfield>
  </datafield>
  <datafield tag="300" ind1=" " ind2=" ">
    <subfield code="a">&#x412;&#x44B;&#x445;. &#x434;&#x430;&#x43D;. &#x443;&#x441;&#x442;&#x430;&#x43D;&#x43E;&#x432;&#x43B;&#x435;&#x43D;&#x44B; &#x43F;&#x43E; &#x421;&#x43E;&#x43F;&#x438;&#x43A;&#x43E;&#x432;&#x443; (&#x2116;4670)</subfield>
  </datafield>
  <datafield tag="300" ind1=" " ind2=" ">
    <subfield code="a">&#x41D;&#x430; &#x441;.3-4 &#x43F;&#x43E;&#x441;&#x432;&#x44F;&#x449;. &#x430;&#x432;&#x442;. &#x432;&#x435;&#x43B;&#x438;&#x43A;&#x43E;&#x43C;&#x443; &#x43A;&#x43D;&#x44F;&#x437;&#x44E; &#x41F;&#x430;&#x432;&#x43B;&#x443; &#x41F;&#x435;&#x442;&#x440;&#x43E;&#x432;&#x438;&#x447;&#x443; &#x441; &#x43F;&#x43E;&#x434;&#x43F;&#x438;&#x441;&#x44C;&#x44E;: &#x411;. &#x424;&#x438;&#x448;&#x435;&#x440;, &#x443;&#x440;&#x43E;&#x436;&#x435;&#x43D;&#x435;&#x446; &#x448;&#x432;&#x435;&#x439;&#x446;&#x430;&#x440;&#x441;&#x43A;&#x438;&#x439;</subfield>
  </datafield>
  <datafield tag="316" ind1=" " ind2=" ">
    <subfield code="a">&#x42D;&#x43A;&#x437;. &#x420;&#x41D;&#x411; (18.114.2.9) &#x432; &#x441;&#x43E;&#x441;&#x442;&#x430;&#x432;&#x43D;&#x43E;&#x43C; &#x43A;&#x430;&#x440;&#x442;&#x43E;&#x43D;. &#x43F;&#x435;&#x440;., &#x43E;&#x431;&#x442;&#x44F;&#x43D;&#x443;&#x442;&#x43E;&#x43C; &#x43B;&#x438;&#x43B;&#x43E;&#x432;&#x43E;-&#x441;&#x435;&#x440;&#x43E;&#x439; &#x431;&#x443;&#x43C;&#x430;&#x433;&#x43E;&#x439;, &#x441; &#x43A;&#x43E;&#x440;&#x438;&#x447;&#x43D;&#x435;&#x432;&#x44B;&#x43C;&#x438; &#x43A;&#x43E;&#x436;&#x430;&#x43D;. &#x443;&#x433;&#x43E;&#x43B;&#x43A;&#x430;&#x43C;&#x438; &#x438; &#x43A;&#x43E;&#x440;&#x435;&#x448;&#x43A;&#x43E;&#x43C;. &#x41A;&#x43E;&#x440;&#x435;&#x448;&#x43E;&#x43A; &#x433;&#x43B;&#x430;&#x434;&#x43A;&#x438;&#x439;, &#x441; &#x442;&#x438;&#x441;&#x43D;&#x435;&#x43D;&#x438;&#x435;&#x43C; &#x437;&#x43E;&#x43B;&#x43E;&#x442;&#x43E;&#x43C; (&#x43F;&#x43E;&#x437;&#x43E;&#x43B;&#x43E;&#x442;&#x430; &#x447;&#x430;&#x441;&#x442;&#x438;&#x447;&#x43D;&#x43E; &#x443;&#x442;&#x440;&#x430;&#x447;&#x435;&#x43D;&#x430;). &#x41D;&#x430; &#x43A;&#x43E;&#x440;&#x435;&#x448;&#x43A;&#x435; &#x43A;&#x43E;&#x440;&#x438;&#x447;&#x43D;&#x435;&#x432;&#x430;&#x44F; &#x43A;&#x43E;&#x436;&#x430;&#x43D;. &#x43D;&#x430;&#x43A;&#x43B;&#x435;&#x439;&#x43A;&#x430; &#x441; &#x432;&#x44B;&#x442;&#x438;&#x441;&#x43D;. &#x437;&#x43E;&#x43B;&#x43E;&#x442;&#x43E;&#x43C; &#x437;&#x430;&#x433;&#x43B;.: "&#x41E;&#x43F;&#x438;&#x441;&#x430;&#x43D;[&#x438;&#x435;] &#x438;&#x441;&#x43A;&#x443;&#x441;&#x441;&#x442;[&#x432;&#x430;] &#x444;&#x435;&#x445;&#x442;&#x43E;&#x432;[&#x430;&#x43D;&#x438;&#x44F;]", &#x441;&#x443;&#x43F;&#x435;&#x440;&#x44D;&#x43A;&#x441;&#x43B;&#x438;&#x431;&#x440;&#x438;&#x441; &#x418;.&#x41F;.&#x411;. &#x441; &#x431;&#x443;&#x43A;&#x432;&#x430;&#x43C;&#x438; &#x418;.&#x411;. &#x438; &#x431;&#x443;&#x43C;&#x430;&#x436;. &#x43D;&#x430;&#x43A;&#x43B;&#x435;&#x439;&#x43A;&#x430; &#x441; &#x43F;&#x43E;&#x440;&#x44F;&#x434;&#x43A;&#x43E;&#x432;&#x44B;&#x43C; &#x43D;&#x43E;&#x43C;&#x435;&#x440;&#x43E;&#x43C; &#x43A;&#x43D;&#x438;&#x433;&#x438; &#x43D;&#x430; &#x43F;&#x43E;&#x43B;&#x43A;&#x435;: "9". &#x41D;&#x430; &#x43D;&#x438;&#x436;&#x43D;&#x435;&#x439; &#x43A;&#x440;&#x44B;&#x448;&#x43A;&#x435; &#x43F;&#x435;&#x440;. &#x44D;&#x43A;&#x441;&#x43B;&#x438;&#x431;&#x440;&#x438;&#x441; &#x420;&#x443;&#x441;. &#x444;&#x43E;&#x43D;&#x434;&#x430; &#x413;&#x41F;&#x411; &#x441; &#x448;&#x438;&#x444;&#x440;&#x43E;&#x43C;. &#x41E;&#x431;&#x440;&#x435;&#x437; &#x43A;&#x440;&#x430;&#x43F;&#x447;&#x430;&#x442;&#x44B;&#x439; &#x441;&#x438;&#x43D;&#x438;&#x439;. &#x41D;&#x430; &#x444;&#x43E;&#x440;&#x437;&#x430;&#x446;&#x435; &#x44F;&#x440;&#x43B;&#x44B;&#x43A; &#x441; &#x448;&#x438;&#x444;&#x440;&#x43E;&#x43C; &#x420;&#x41D;&#x411;. &#x41D;&#x430; &#x442;&#x438;&#x442;. &#x43B;., &#x441;.68 &#x438; &#x43E;&#x431;&#x43E;&#x440;&#x43E;&#x442;&#x430;&#x445; &#x43B;&#x438;&#x441;&#x442;&#x43E;&#x432; &#x438;&#x43B;. &#x43A;&#x440;&#x443;&#x433;&#x43B;&#x44B;&#x439; &#x448;&#x442;&#x430;&#x43C;&#x43F; &#x413;&#x41F;&#x411;. &#x41D;&#x430; &#x43E;&#x431;&#x43E;&#x440;&#x43E;&#x442;&#x435; &#x442;&#x438;&#x442;. &#x43B;. &#x440;&#x443;&#x43A;&#x43E;&#x43F;. &#x43F;&#x43E;&#x43C;&#x435;&#x442;&#x430; &#x431;&#x438;&#x431;&#x43B;&#x438;&#x43E;&#x433;&#x440;. &#x445;&#x430;&#x440;&#x430;&#x43A;&#x442;&#x435;&#x440;&#x430;. &#x420;&#x430;&#x437;&#x43C;&#x435;&#x440;: 25,8&#x445;20,4&#x445;1,4 &#x441;&#x43C;</subfield>
    <subfield code="5">NLR: 18.114.2.9</subfield>
  </datafield>
  <datafield tag="321" ind1="1" ind2=" ">
    <subfield code="a">&#x421;&#x41A; XVIII 7796</subfield>
  </datafield>
  <datafield tag="325" ind1=" " ind2=" ">
    <subfield code="a">&#x41A;&#x43E;&#x43F;&#x438;&#x44F; &#x434;&#x43E;&#x441;&#x442;&#x443;&#x43F;&#x43D;&#x430; &#x432; &#x42D;&#x43B;&#x435;&#x43A;&#x442;&#x440;&#x43E;&#x43D;. &#x431;-&#x43A;&#x435; &#x420;&#x41D;&#x411;</subfield>
  </datafield>
  <datafield tag="510" ind1="1" ind2=" ">
    <subfield code="a">&#x418;&#x441;&#x43A;&#x443;&#x441;&#x441;&#x442;&#x432;&#x43E; &#x444;&#x435;&#x445;&#x442;&#x43E;&#x432;&#x430;&#x442;&#x44C; &#x432;&#x43E; &#x432;&#x441;&#x435;&#x43C; &#x435;&#x433;&#x43E; &#x43F;&#x440;&#x43E;&#x441;&#x442;&#x440;&#x430;&#x43D;&#x441;&#x442;&#x432;&#x435;.</subfield>
    <subfield code="e">&#x41D;&#x43E;&#x432;&#x43E;&#x435; &#x43E;&#x43F;&#x438;&#x441;&#x430;&#x43D;&#x438;&#x435; &#x441;&#x43E; &#x432;&#x441;&#x435;&#x43C;&#x438; &#x43D;&#x443;&#x436;&#x43D;&#x44B;&#x43C;&#x438; &#x43F;&#x43E;&#x437;&#x43D;&#x430;&#x43D;&#x438;&#x44F;&#x43C;&#x438;, &#x43A;&#x430;&#x43A; &#x445;&#x43E;&#x440;&#x43E;&#x448;&#x43E; &#x432;&#x43B;&#x430;&#x434;&#x435;&#x442;&#x44C; &#x448;&#x43F;&#x430;&#x433;&#x43E;&#x44E;.</subfield>
    <subfield code="z">rus</subfield>
  </datafield>
  <datafield tag="620" ind1=" " ind2=" ">
    <subfield code="d">&#x421;&#x430;&#x43D;&#x43A;&#x442;-&#x41F;&#x435;&#x442;&#x435;&#x440;&#x431;&#x443;&#x440;&#x433;</subfield>
  </datafield>
  <datafield tag="700" ind1=" " ind2="1">
    <subfield code="a">&#x424;&#x438;&#x448;&#x435;&#x440;</subfield>
    <subfield code="b">&#x411;.</subfield>
    <subfield code="g">&#x411;&#x430;&#x43B;&#x442;&#x430;&#x437;&#x430;&#x440;</subfield>
  </datafield>
  <datafield tag="702" ind1=" " ind2="0">
    <subfield code="4">280</subfield>
    <subfield code="8">rus</subfield>
    <subfield code="7">ca</subfield>
    <subfield code="a">&#x41F;&#x430;&#x432;&#x435;&#x43B;</subfield>
    <subfield code="c">&#x438;&#x43C;&#x43F;&#x435;&#x440;&#x430;&#x442;&#x43E;&#x440; &#x440;&#x43E;&#x441;&#x441;&#x438;&#x439;&#x441;&#x43A;&#x438;&#x439;</subfield>
    <subfield code="d">I</subfield>
    <subfield code="f">1754-1801</subfield>
    <subfield code="3">RU\NLR\AUTH\778886</subfield>
    <subfield code="9">118767</subfield>
  </datafield>
  <datafield tag="801" ind1=" " ind2="0">
    <subfield code="a">RU</subfield>
    <subfield code="b">NLR</subfield>
    <subfield code="g">psbo</subfield>
  </datafield>
  <datafield tag="801" ind1=" " ind2="1">
    <subfield code="a">RU</subfield>
    <subfield code="b">ELAR</subfield>
    <subfield code="2">rusmarc</subfield>
  </datafield>
  <datafield tag="852" ind1=" " ind2=" ">
    <subfield code="a">NLR</subfield>
    <subfield code="j">18.114.2.9</subfield>
  </datafield>
  <datafield tag="899" ind1=" " ind2=" ">
    <subfield code="a">&#x420;&#x413;&#x411;</subfield>
  </datafield>
  <datafield tag="899" ind1=" " ind2=" ">
    <subfield code="a">&#x411;&#x410;&#x41D;</subfield>
  </datafield>
  <datafield tag="899" ind1=" " ind2=" ">
    <subfield code="a">&#x41C;&#x413;&#x423;</subfield>
  </datafield>
  <datafield tag="899" ind1=" " ind2=" ">
    <subfield code="a">&#x413;&#x41F;&#x418;&#x411;</subfield>
  </datafield>
  <datafield tag="942" ind1=" " ind2=" ">
    <subfield code="c">BOOK</subfield>
  </datafield>
  <datafield tag="980" ind1=" " ind2=" ">
    <subfield code="a">NB</subfield>
  </datafield>
  <datafield tag="980" ind1="3" ind2=" ">
    <subfield code="a">kpcivil</subfield>
  </datafield>
  <datafield tag="980" ind1="3" ind2=" ">
    <subfield code="a">kp2021</subfield>
  </datafield>
  <datafield tag="980" ind1="3" ind2=" ">
    <subfield code="a">kp</subfield>
  </datafield>
  <datafield tag="981" ind1="2" ind2="0">
    <subfield code="a">(20) &#x41A;&#x43D;&#x438;&#x436;&#x43D;&#x44B;&#x435; &#x43F;&#x430;&#x43C;&#x44F;&#x442;&#x43D;&#x438;&#x43A;&#x438; &#x420;&#x41D;&#x411;</subfield>
    <subfield code="b">(20) &#x420;&#x443;&#x441;&#x441;&#x43A;&#x438;&#x439; &#x43A;&#x43D;&#x438;&#x436;&#x43D;&#x44B;&#x439; &#x444;&#x43E;&#x43D;&#x434;</subfield>
  </datafield>
  <datafield tag="995" ind1=" " ind2=" ">
    <subfield code="5">2013-10-26</subfield>
    <subfield code="b">NLR02</subfield>
    <subfield code="c">NLR02</subfield>
    <subfield code="e">RFS</subfield>
    <subfield code="f">7200239-10</subfield>
    <subfield code="k">18.114.2.9</subfield>
    <subfield code="o">0</subfield>
    <subfield code="r">BOOK</subfield>
    <subfield code="s">1811429_</subfield>
  </datafield>
</record>
